000 00329nam a22001457a 4500
008 210308b ||||| |||| 00| 0 eng d
020 _a97803939343113th
041 _aeng
080 _23th
_a541
082 _2541
100 _a12
101 _aKIM
245 _aChemistry
_cGilbert , Kirss, Foster, Davies
942 _2udc
_cBK
999 _c56018
_d56018